000 00445nam a2200181Ia 4500
003 0100
008 130303s9999 xx 000 0 und d
040 _cARRUPELIB
050 _aT14.I3521991
100 _aIhde, Don
245 _aInstrumental realism
245 _bthe interface between philosophy of science and philosophy of technology
260 _aBloomington IN
260 _bIN UP
260 _C1991
300 _a159p
942 0 0 _06
999 _c20159
_d20159